Personnages de South Park - Mort subite - Statistiques

Statistiques générales
  • Ce quiz a été pris 140 fois
  • Le résultat moyen est 15 sur 24
Answers on the Grid
Answers color-coded by a green-red scale on the quiz's grid according to % correct below.
Stan Marsh
Kyle Broflovski
Eric Cartman
Kenny McCormick
Nelson Muntz
Principal PC
Andre Richardson
Cid Highwind
Herbert Garrison
Dell Conagher
Roger Smith
Tuong Lu Kim
Diane Crockelpaf
Jerome McElroy
Margaret Nelson
Veronica Crabtree
Ned Gerblanski
Jimbo Kern
Glenn Quagmire
Katie Forester
Femme à Poigne
Lucy Steel
Tao Pai Pai
Wendy Testaburger
Billy Banane
Craig Tucker
Tina Belcher
Bebe Stevens
Jésus
Servietsky
Officier Barbrady
Pip Pirrip
Tolkien Black
Timmy Burch
Mr. Mackey
 
Statistiques - réponses
Réponse % Correct
Kenny McCormick
86%
Eric Cartman
85%
Stan Marsh
84%
Kyle Broflovski
80%
Jésus
78%
Mr. Mackey
77%
Officier Barbrady
77%
Timmy Burch
77%
Craig Tucker
73%
Principal PC
72%
Servietsky
72%
Herbert Garrison
70%
Tolkien Black
70%
Wendy Testaburger
69%
Jimbo Kern
68%
Bebe Stevens
60%
Femme à Poigne
46%
Ned Gerblanski
46%
Veronica Crabtree
43%
Diane Crockelpaf
41%
Pip Pirrip
41%
Tuong Lu Kim
34%
Margaret Nelson
28%
Jerome McElroy
18%
Aucun quiz correspondant
Distribution des résultats
% des personnes avec chaque résultat
Percentile par nombre de réponses
Votre historique - résultats
Vous n’avez pas pris ce quiz